02169 2201045 4500001002100000005001500021035002000036245004700056100001700103300002800120260003100148082000800179084001400187020002200201990001200223990001200235990001200247990001200259990001200271990001200283990001200295990001200307990001200319990001200331990001200343990001200355990001200367990001200379990001200391990001200403990001200415990001200427990001200439990001200451990001200463990001200475990001200487990001200499990001200511990001200523990001200535990001200547990001200559990001200571990001200583990001200595990001200607990001200619990001200631990001200643990001200655990001200667990001200679990001200691990001200703990001200715990001200727990001200739990001200751990001200763990001200775990001200787990001200799990001200811990001200823990001200835990001200847990001200859990001200871990001200883990001200895990001200907990001200919990001200931990001200943990001200955990001200967990001200979990001200991990001201003990001201015990001201027990001201039990001201051990001201063990001201075990001201087990001201099990001201111INLIS00000000000311720251015022955 a0010-10250000211 aGOALS TKA IPS Untuk SMA/MA /cLena Mariana0 aLena Mariana a356 hlm ;c17,5 x 25 cm aBandung :bGrafindo,c2025 a300 a300 LEN g a978-602-01-3256-3 a0755755 a0755756 a0755757 a0755758 a0755759 a0755760 a0755761 a0755762 a0755763 a0755764 a0755765 a0755766 a0755767 a0755768 a0755769 a0755770 a0755771 a0755772 a0755773 a0755774 a0755775 a0755776 a0755777 a0755778 a0755779 a0755780 a0755781 a0755782 a0755783 a0755784 a0755785 a0755786 a0755787 a0755788 a0755789 a0755790 a0755791 a0755792 a0755793 a0755794 a0755795 a0755796 a0755797 a0755798 a0755799 a0755800 a0755801 a0755802 a0755803 a0755804 a0755805 a0755806 a0755807 a0755808 a0755809 a0755810 a0755811 a0755812 a0755813 a0755814 a0755815 a0755816 a0755817 a0755818 a0755819 a0755820 a0755821 a0755822 a0755823 a0755824 a0755825 a0755826 a0755827 a0755828 a0755829